[Event "DVM U12 2022"]
[Site "München GER"]
[Date "2022.12.27"]
[Round "2"]
[White "Roos Nazario, Valentin"]
[Black "Aweh, Mads"]
[Result "1-0"]
[Termination "normal"]
[Board "8.1"]
[WhiteElo "1196"]
[BlackElo "1477"]
[WhiteClock "00:57:01"]
[BlackClock "01:00:43"]
[WhiteTeam "TTC Grün-Weiß Fritzdorf 1958"]
[BlackTeam "SSV Vimaria 91 Weimar"]
[PlyCount "77"]
[WhiteFideId "16295722"]
[BlackFideId "34604278"]
[EventCountry "GER"]
[EventRounds "7"]
[EventType "team-swiss"]
[EventDate "2022.12.26"]

1. e4 {[%clk 01:30:57]} {[%emt 00:00:02]} c5 {[%clk 01:30:29]} {[%emt
00:00:32]} 2. Nf3 {[%emt 00:00:18]} Nc6 {[%clk 01:30:29]} {[%emt 00:00:18]} 3.
d4 {[%clk 01:31:21]} {[%emt 00:00:30]} cxd4 {[%clk 01:30:24]} {[%emt 00:00:34]}
4. Nxd4 {[%clk 01:31:40]} {[%emt 00:00:12]} Nf6 {[%clk 01:29:50]} {[%emt
00:01:02]} 5. Nc3 {[%clk 01:31:10]} {[%emt 00:01:02]} e5 {[%clk 01:30:13]}
{[%emt 00:00:07]} 6. Ndb5 {[%clk 01:31:36]} {[%emt 00:00:04]} d6 {[%clk
01:30:37]} {[%emt 00:00:07]} 7. Bg5 {[%clk 01:31:57]} {[%emt 00:00:08]} a6
{[%clk 01:29:54]} {[%emt 00:01:13]} 8. Na3 {[%clk 01:31:45]} {[%emt 00:00:41]}
b5 {[%clk 01:30:19]} {[%emt 00:00:06]} 9. Nd5 {[%clk 01:32:09]} {[%emt
00:00:06]} Be7 {[%clk 01:30:41]} {[%emt 00:00:07]} 10. Bxf6 {[%clk 01:32:25]}
{[%emt 00:00:13]} Bxf6 {[%clk 01:30:56]} {[%emt 00:00:16]} 11. c3 {[%clk
01:32:06]} {[%emt 00:00:49]} Be6 {[%clk 01:30:02]} {[%emt 00:01:25]} 12. Nc2
{[%clk 01:32:19]} {[%emt 00:00:17]} Bg5 {[%clk 01:30:17]} {[%emt 00:00:14]} 13.
Be2 {[%clk 01:32:01]} {[%emt 00:00:48]} O-O {[%clk 01:30:18]} {[%emt 00:00:29]}
14. Nce3 {[%clk 01:31:40]} {[%emt 00:00:52]} Bxe3 {[%clk 01:30:40]} {[%emt
00:00:08]} 15. Nxe3 {[%clk 01:32:06]} {[%emt 00:00:04]} Qc7 {[%clk 01:29:29]}
{[%emt 00:01:41]} 16. O-O {[%clk 01:31:59]} {[%emt 00:00:36]} Rad8 {[%clk
01:29:02]} {[%emt 00:00:58]} 17. Nd5 {[%clk 01:29:50]} {[%emt 00:02:39]} Bxd5
{[%clk 01:29:22]} {[%emt 00:00:10]} 18. exd5 {[%clk 01:28:59]} {[%emt
00:01:21]} Ne7 {[%clk 01:29:00]} {[%emt 00:00:52]} 19. Rc1 {[%clk 01:29:06]}
{[%emt 00:00:23]} Qc5 {[%clk 01:28:41]} {[%emt 00:00:49]} 20. c4 {[%clk
01:29:07]} {[%emt 00:00:29]} b4 {[%clk 01:28:54]} {[%emt 00:00:17]} 21. Kh1
{[%clk 01:27:07]} {[%emt 00:02:28]} Nf5 {[%clk 01:27:53]} {[%emt 00:01:33]} 22.
Bd3 {[%clk 01:26:06]} {[%emt 00:01:30]} Nd4 {[%clk 01:26:42]} {[%emt 00:01:42]}
23. f4 {[%clk 01:25:40]} {[%emt 00:00:56]} Rde8 {[%clk 01:21:37]} {[%emt
00:05:35]} 24. fxe5 {[%clk 01:25:38]} {[%emt 00:00:32]} Rxe5 {[%clk 01:21:55]}
{[%emt 00:00:11]} 25. Rf4 {[%clk 01:25:45]} {[%emt 00:00:23]} Rfe8 {[%clk
01:21:15]} {[%emt 00:01:11]} 26. Rxd4 {[%clk 01:21:47]} {[%emt 00:04:27]} Qxd4
{[%clk 01:20:29]} {[%emt 00:01:16]} 27. Bxh7 {[%clk 01:21:36]} {[%emt
00:00:41]} Kxh7 {[%clk 01:20:52]} {[%emt 00:00:06]} 28. Qxd4 {[%clk 01:21:38]}
{[%emt 00:00:27]} Re1 {[%clk 01:21:17]} {[%emt 00:00:06]} 29. Rxe1 {[%clk
01:22:03]} {[%emt 00:00:06]} Rxe1 {[%clk 01:21:41]} {[%emt 00:00:05]} 30. Qg1
{[%clk 01:22:22]} {[%emt 00:00:11]} Rxg1 {[%clk 01:22:07]} {[%emt 00:00:04]}
31. Kxg1 {[%clk 01:22:45]} {[%emt 00:00:07]} Kg6 {[%clk 01:22:04]} {[%emt
00:00:33]} 32. Kf2 {[%clk 01:23:08]} {[%emt 00:00:07]} Kf6 {[%clk 01:15:58]}
{[%emt 00:06:36]} 33. Kf3 {[%clk 01:16:14]} {[%emt 00:07:24]} Kf5 {[%clk
01:15:52]} {[%emt 00:00:36]} 34. h4 {[%clk 01:00:01]} {[%emt 00:16:43]} Ke5
{[%clk 01:07:55]} {[%emt 00:08:26]} 35. Ke3 {[%clk 00:58:28]} {[%emt 00:02:03]}
f5 {[%clk 01:08:19]} {[%emt 00:00:07]} 36. g3 {[%clk 00:57:48]} {[%emt
00:01:10]} g6 {[%clk 01:05:45]} {[%emt 00:03:04]} 37. Kd3 {[%clk 00:57:16]}
{[%emt 00:01:02]} a5 {[%clk 01:02:26]} {[%emt 00:03:49]} 38. b3 {[%clk
00:57:05]} {[%emt 00:00:41]} f4 {[%clk 01:00:43]} {[%emt 00:02:13]} 39. gxf4
{[%clk 00:57:01]} {[%emt 00:00:34]} 1-0

[Event "DVM U12 2022"]
[Site "München GER"]
[Date "2022.12.27"]
[Round "2"]
[White "Bock, Leonas"]
[Black "Geschke, David"]
[Result "1/2-1/2"]
[Termination "normal"]
[Board "8.2"]
[WhiteElo "1284"]
[BlackElo "1418"]
[WhiteClock "00:01:09"]
[BlackClock "00:24:16"]
[WhiteTeam "SSV Vimaria 91 Weimar"]
[BlackTeam "TTC Grün-Weiß Fritzdorf 1958"]
[PlyCount "75"]
[WhiteFideId "16287118"]
[BlackFideId "34619658"]
[EventCountry "GER"]
[EventRounds "7"]
[EventType "team-swiss"]
[EventDate "2022.12.26"]

1. d4 {[%clk 01:30:52]} {[%emt 00:00:07]} d5 {[%clk 01:30:50]} {[%emt
00:00:11]} 2. Nf3 {[%clk 01:31:12]} {[%emt 00:00:10]} Nf6 {[%clk 01:31:08]}
{[%emt 00:00:12]} 3. e3 {[%clk 01:31:33]} {[%emt 00:00:09]} Bf5 {[%clk
01:31:20]} {[%emt 00:00:17]} 4. Bd3 {[%clk 01:30:34]} {[%emt 00:01:29]} Bg4
{[%clk 01:29:43]} {[%emt 00:02:07]} 5. Nbd2 {[%clk 01:28:17]} {[%emt 00:02:47]}
e6 {[%clk 01:30:00]} {[%emt 00:00:14]} 6. b3 {[%clk 01:26:28]} {[%emt
00:02:18]} Nbd7 {[%clk 01:29:31]} {[%emt 00:01:00]} 7. Bb2 {[%clk 01:26:24]}
{[%emt 00:00:33]} c5 {[%clk 01:29:22]} {[%emt 00:00:38]} 8. O-O {[%clk
01:24:32]} {[%emt 00:02:22]} Qb6 {[%clk 01:29:34]} {[%emt 00:00:20]} 9. c4
{[%clk 01:21:06]} {[%emt 00:03:55]} Be7 {[%clk 01:29:35]} {[%emt 00:00:28]} 10.
Qc2 {[%clk 01:17:41]} {[%emt 00:03:56]} O-O {[%clk 01:29:25]} {[%emt 00:00:40]}
11. Rfe1 {[%clk 01:12:53]} {[%emt 00:05:18]} Rac8 {[%clk 01:27:17]} {[%emt
00:02:38]} 12. Rac1 {[%clk 01:10:25]} {[%emt 00:02:59]} Rc7 {[%clk 01:25:37]}
{[%emt 00:02:05]} 13. e4 {[%clk 00:57:19]} {[%emt 00:13:40]} dxe4 {[%clk
01:19:19]} {[%emt 00:06:48]} 14. dxc5 {[%clk 00:48:17]} {[%emt 00:09:32]} Bxc5
{[%clk 01:16:50]} {[%emt 00:02:59]} 15. Bxe4 {[%clk 00:42:49]} {[%emt
00:05:59]} Bxf2 {[%clk 01:15:23]} {[%emt 00:01:57]} 16. Kh1 {[%clk 00:39:34]}
{[%emt 00:03:44]} Bxe1 {[%clk 01:14:55]} {[%emt 00:00:58]} 17. Rxe1 {[%emt
00:16:22]} Qa5 {[%clk 00:57:36]} {[%emt 00:03:23]} 18. Bd3 {[%clk 00:23:41]}
{[%emt 00:14:57]} Bf5 {[%clk 00:49:20]} {[%emt 00:08:45]} 19. Ne5 {[%clk
00:18:41]} {[%emt 00:05:31]} Bxd3 {[%clk 00:47:56]} {[%emt 00:01:53]} 20. Qxd3
{[%clk 00:18:21]} {[%emt 00:00:50]} Nxe5 {[%clk 00:45:53]} {[%emt 00:02:33]}
21. Rxe5 {[%clk 00:15:43]} {[%emt 00:03:09]} Rc5 {[%clk 00:44:45]} {[%emt
00:01:32]} 22. b4 {[%clk 00:11:25]} {[%emt 00:04:55]} Qxb4 {[%clk 00:38:56]}
{[%emt 00:06:18]} 23. Ba3 {[%clk 00:09:33]} {[%emt 00:02:22]} Qxa3 {[%clk
00:38:28]} {[%emt 00:00:58]} 24. Qxa3 {[%clk 00:09:49]} {[%emt 00:00:14]} Rxe5
{[%clk 00:38:53]} {[%emt 00:00:04]} 25. Nf3 {[%clk 00:09:47]} {[%emt 00:00:33]}
Re4 {[%clk 00:34:51]} {[%emt 00:04:28]} 26. Qd3 {[%clk 00:08:53]} {[%emt
00:01:27]} Rc8 {[%clk 00:34:00]} {[%emt 00:01:18]} 27. c5 {[%clk 00:08:25]}
{[%emt 00:01:02]} h6 {[%clk 00:33:43]} {[%emt 00:00:46]} 28. Kg1 {[%clk
00:05:47]} {[%emt 00:03:09]} Ra4 {[%emt 00:04:16]} 29. Qb3 {[%clk 00:04:22]}
Ra5 {[%clk 00:29:59]} {[%emt 00:02:22]} 30. Qxb7 {[%clk 00:04:30]} {[%emt
00:00:23]} Rcxc5 {[%clk 00:28:58]} {[%emt 00:01:31]} 31. Qb8 {[%clk 00:04:43]}
{[%emt 00:00:18]} Kh7 {[%clk 00:29:07]} {[%emt 00:00:21]} 32. Qb1 {[%clk
00:04:50]} {[%emt 00:00:23]} g6 {[%clk 00:28:15]} {[%emt 00:01:20]} 33. Qb2
{[%clk 00:03:26]} {[%emt 00:01:55]} Kg7 {[%clk 00:27:43]} {[%emt 00:01:01]} 34.
Nd4 {[%clk 00:02:54]} {[%emt 00:01:03]} Ra6 {[%clk 00:26:26]} {[%emt 00:01:41]}
35. a3 {[%clk 00:02:49]} {[%emt 00:00:41]} Rd5 {[%clk 00:25:42]} {[%emt
00:01:13]} 36. Qb7 {[%clk 00:01:44]} {[%emt 00:01:35]} Rb6 {[%clk 00:24:11]}
{[%emt 00:02:01]} 37. Qxa7 {[%clk 00:02:03]} {[%emt 00:00:11]} Rbd6 {[%clk
00:24:16]} {[%emt 00:00:25]} 38. Nf3 {[%clk 00:01:09]} {[%emt 00:01:25]}
1/2-1/2

[Event "DVM U12 2022"]
[Site "München GER"]
[Date "2022.12.27"]
[Round "2"]
[White "Geschke, Jonathan"]
[Black "Kalinin, Alexej"]
[Result "0-1"]
[Termination "normal"]
[Board "8.3"]
[WhiteElo "1151"]
[BlackElo "1330"]
[WhiteClock "00:49:19"]
[BlackClock "00:29:49"]
[WhiteTeam "TTC Grün-Weiß Fritzdorf 1958"]
[BlackTeam "SSV Vimaria 91 Weimar"]
[PlyCount "130"]
[WhiteFideId "34636129"]
[BlackFideId "34617167"]
[EventCountry "GER"]
[EventRounds "7"]
[EventType "team-swiss"]
[EventDate "2022.12.26"]

1. e4 {[%clk 01:30:52]} {[%emt 00:00:06]} d5 {[%clk 01:30:49]} {[%emt
00:00:12]} 2. exd5 {[%clk 01:30:55]} {[%emt 00:00:28]} Qxd5 {[%clk 01:31:08]}
{[%emt 00:00:10]} 3. Nc3 {[%clk 01:31:03]} {[%emt 00:00:22]} Qa5 {[%clk
01:31:26]} {[%emt 00:00:12]} 4. Nf3 {[%clk 01:30:37]} {[%emt 00:00:57]} Nf6
{[%clk 01:30:59]} {[%emt 00:00:57]} 5. Be2 {[%clk 01:30:21]} {[%emt 00:00:46]}
Bf5 {[%clk 01:27:18]} {[%emt 00:04:10]} 6. d3 {[%clk 01:30:05]} {[%emt
00:00:47]} c6 {[%clk 01:26:47]} {[%emt 00:01:00]} 7. Bf4 {[%clk 01:30:11]}
{[%emt 00:00:25]} h6 {[%clk 01:21:43]} {[%emt 00:05:34]} 8. O-O {[%clk
01:30:09]} {[%emt 00:00:32]} e6 {[%clk 01:21:12]} {[%emt 00:01:01]} 9. Re1
{[%clk 01:27:33]} {[%emt 00:03:06]} Qd8 {[%clk 01:20:57]} {[%emt 00:00:44]} 10.
Qd2 {[%clk 01:25:32]} {[%emt 00:02:31]} Bd6 {[%clk 01:20:06]} {[%emt 00:01:21]}
11. Bxd6 {[%clk 01:24:23]} {[%emt 00:01:39]} Qxd6 {[%clk 01:20:20]} {[%emt
00:00:16]} 12. Rad1 {[%clk 01:24:00]} {[%emt 00:00:53]} O-O {[%clk 01:18:23]}
{[%emt 00:02:28]} 13. d4 {[%clk 01:21:07]} {[%emt 00:03:23]} Nbd7 {[%clk
01:15:58]} {[%emt 00:02:55]} 14. Bd3 {[%clk 01:21:17]} {[%emt 00:00:21]} Bxd3
{[%clk 01:14:17]} {[%emt 00:02:09]} 15. Qxd3 {[%clk 01:20:49]} {[%emt
00:00:58]} Rad8 {[%clk 01:09:30]} {[%emt 00:05:18]} 16. h3 {[%clk 01:18:55]}
{[%emt 00:02:24]} Rfe8 {[%clk 01:08:54]} {[%emt 00:01:06]} 17. Qd2 {[%clk
01:15:15]} {[%emt 00:04:10]} Nb6 {[%clk 01:05:11]} {[%emt 00:04:12]} 18. Ne4
{[%clk 01:12:56]} {[%emt 00:02:50]} Nxe4 {[%clk 01:02:44]} {[%emt 00:02:57]}
19. Rxe4 {[%clk 01:12:41]} {[%emt 00:00:45]} Nd5 {[%clk 01:00:31]} {[%emt
00:02:43]} 20. Rg4 {[%clk 01:10:00]} {[%emt 00:03:12]} Nf6 {[%clk 01:00:03]}
{[%emt 00:00:57]} 21. Rg3 {[%clk 01:06:57]} {[%emt 00:03:32]} Ne4 {[%clk
00:58:50]} {[%emt 00:01:43]} 22. Qe1 {[%clk 01:05:20]} {[%emt 00:02:08]} Nxg3
{[%clk 00:58:57]} {[%emt 00:00:23]} 23. fxg3 {[%clk 01:05:38]} {[%emt
00:00:12]} c5 {[%clk 00:56:54]} {[%emt 00:02:34]} 24. c3 {[%clk 01:05:33]}
{[%emt 00:00:35]} cxd4 {[%clk 00:56:05]} {[%emt 00:01:18]} 25. cxd4 {[%clk
01:05:30]} {[%emt 00:00:33]} Qb6 {[%clk 00:55:34]} {[%emt 00:01:01]} 26. Qf2
{[%clk 01:05:28]} {[%emt 00:00:32]} e5 {[%clk 00:51:25]} {[%emt 00:04:40]} 27.
Kh2 {[%clk 01:03:03]} {[%emt 00:02:50]} e4 {[%clk 00:49:55]} {[%emt 00:02:03]}
28. Nh4 {[%clk 01:02:32]} {[%emt 00:01:02]} e3 {[%clk 00:49:18]} {[%emt
00:01:07]} 29. Qe2 {[%clk 01:02:26]} {[%emt 00:00:36]} Rxd4 {[%clk 00:48:58]}
{[%emt 00:00:50]} 30. Rxd4 {[%clk 01:02:41]} {[%emt 00:00:16]} Qxd4 {[%clk
00:49:22]} {[%emt 00:00:06]} 31. Nf5 {[%clk 01:02:42]} {[%emt 00:00:28]} Qd2
{[%clk 00:49:05]} {[%emt 00:00:47]} 32. Qg4 {[%clk 01:02:11]} {[%emt 00:00:58]}
Qxb2 {[%clk 00:43:57]} {[%emt 00:05:41]} 33. Nxh6 {[%clk 01:00:20]} {[%emt
00:02:21]} Kf8 {[%clk 00:42:34]} {[%emt 00:01:53]} 34. Nf5 {[%clk 00:59:16]}
{[%emt 00:01:34]} Qf6 {[%clk 00:40:32]} {[%emt 00:02:32]} 35. Qh5 {[%clk
00:58:39]} {[%emt 00:01:06]} g6 {[%clk 00:37:23]} {[%emt 00:03:39]} 36. Qh6
{[%clk 00:58:00]} {[%emt 00:01:10]} Kg8 {[%clk 00:37:27]} {[%emt 00:00:26]} 37.
Nxe3 {[%clk 00:57:16]} {[%emt 00:01:14]} Qg7 {[%clk 00:32:26]} {[%emt
00:05:31]} 38. Qf4 {[%clk 00:55:50]} {[%emt 00:01:56]} Qe5 {[%clk 00:32:17]}
{[%emt 00:00:40]} 39. Ng4 {[%clk 00:55:20]} {[%emt 00:01:00]} Qxf4 {[%clk
00:32:16]} {[%emt 00:00:30]} 40. gxf4 {[%clk 00:55:36]} {[%emt 00:00:14]} Kg7
{[%clk 00:32:35]} {[%emt 00:00:12]} 41. Ne5 {[%clk 00:54:54]} {[%emt 00:01:12]}
f6 {[%clk 00:32:09]} {[%emt 00:00:56]} 42. Nc4 {[%clk 00:54:57]} {[%emt
00:00:27]} Rd8 {[%clk 00:30:35]} {[%emt 00:02:03]} 43. Na5 {[%clk 00:55:01]}
{[%emt 00:00:27]} b6 {[%clk 00:29:33]} {[%emt 00:01:31]} 44. Nc6 {[%clk
00:54:21]} {[%emt 00:01:10]} Rd7 {[%clk 00:29:45]} {[%emt 00:00:18]} 45. Kg3
{[%clk 00:54:15]} {[%emt 00:00:36]} a5 {[%clk 00:29:15]} {[%emt 00:01:01]} 46.
Kg4 {[%clk 00:53:41]} {[%emt 00:01:04]} Rd2 {[%clk 00:29:28]} {[%emt 00:00:17]}
47. g3 {[%clk 00:52:36]} {[%emt 00:01:34]} Rxa2 {[%clk 00:29:42]} {[%emt
00:00:17]} 48. h4 {[%clk 00:51:28]} {[%emt 00:01:37]} f5 {[%clk 00:29:14]}
{[%emt 00:00:59]} 49. Kg5 {[%clk 00:51:41]} {[%emt 00:00:16]} Rg2 {[%clk
00:29:07]} {[%emt 00:00:38]} 50. h5 {[%clk 00:51:34]} {[%emt 00:00:36]} Rxg3
{[%clk 00:29:22]} {[%emt 00:00:16]} 51. Kh4 {[%clk 00:51:51]} {[%emt 00:00:13]}
Rg4 {[%clk 00:29:29]} {[%emt 00:00:23]} 52. Kh3 {[%clk 00:51:47]} {[%emt
00:00:34]} gxh5 {[%clk 00:29:28]} {[%emt 00:00:31]} 53. Ne5 {[%clk 00:51:49]}
{[%emt 00:00:25]} Rxf4 {[%clk 00:29:28]} {[%emt 00:00:34]} 54. Kg3 {[%clk
00:50:59]} {[%emt 00:01:13]} Re4 {[%clk 00:29:39]} {[%emt 00:00:26]} 55. Kh3
{[%clk 00:50:28]} {[%emt 00:00:59]} Rxe5 {[%clk 00:30:01]} {[%emt 00:00:10]}
56. Kh4 {[%clk 00:50:40]} {[%emt 00:00:17]} f4 {[%clk 00:30:21]} {[%emt
00:00:11]} 57. Kh3 {[%clk 00:50:58]} {[%emt 00:00:07]} Rg5 {[%clk 00:30:28]}
{[%emt 00:00:27]} 58. Kh2 {[%clk 00:51:01]} {[%emt 00:00:27]} f3 {[%clk
00:30:51]} {[%emt 00:00:08]} 59. Kh1 {[%clk 00:51:06]} {[%emt 00:00:22]} b5
{[%clk 00:30:39]} {[%emt 00:00:44]} 60. Kh2 {[%clk 00:51:15]} {[%emt 00:00:18]}
b4 {[%clk 00:30:47]} {[%emt 00:00:25]} 61. Kh3 {[%clk 00:51:16]} {[%emt
00:00:28]} b3 {[%clk 00:30:40]} {[%emt 00:00:39]} 62. Kh4 {[%clk 00:51:13]}
{[%emt 00:00:31]} Kg6 {[%clk 00:29:21]} {[%emt 00:01:50]} 63. Kh3 {[%clk
00:51:25]} {[%emt 00:00:17]} b2 {[%clk 00:29:46]} {[%emt 00:00:06]} 64. Kh2
{[%clk 00:51:36]} {[%emt 00:00:18]} b1=Q {[%emt 00:00:23]} 65. Kh3 {[%clk
00:49:19]} {[%emt 00:02:38]} Qh1# {[%clk 00:29:49]} {[%emt 00:00:13]} 0-1

[Event "DVM U12 2022"]
[Site "München GER"]
[Date "2022.12.27"]
[Round "2"]
[White "Berbig, Georg"]
[Black "Mende, Magnus"]
[Result "1/2-1/2"]
[Termination "normal"]
[Board "8.4"]
[WhiteElo "1118"]
[BlackElo "915"]
[WhiteClock "00:54:04"]
[BlackClock "01:03:00"]
[WhiteTeam "SSV Vimaria 91 Weimar"]
[BlackTeam "TTC Grün-Weiß Fritzdorf 1958"]
[PlyCount "95"]
[WhiteFideId "34640401"]
[BlackFideId "34617124"]
[EventCountry "GER"]
[EventRounds "7"]
[EventType "team-swiss"]
[EventDate "2022.12.26"]

1. d4 {[%clk 01:30:56]} {[%emt 00:00:02]} d5 {[%clk 01:30:33]} {[%emt
00:00:27]} 2. Nf3 {[%clk 01:31:14]} {[%emt 00:00:13]} Bg4 {[%clk 01:30:06]}
{[%emt 00:00:57]} 3. e3 {[%clk 01:30:32]} {[%emt 00:01:13]} a6 {[%clk
01:29:57]} {[%emt 00:00:38]} 4. h3 {[%clk 01:30:10]} {[%emt 00:00:52]} Bh5
{[%clk 01:30:14]} {[%emt 00:00:13]} 5. Be2 {[%clk 01:30:06]} {[%emt 00:00:34]}
Nc6 {[%clk 01:30:06]} {[%emt 00:00:36]} 6. c4 {[%clk 01:29:48]} {[%emt
00:00:49]} dxc4 {[%clk 01:29:12]} {[%emt 00:01:24]} 7. Bxc4 {[%clk 01:30:03]}
{[%emt 00:00:15]} Bg6 {[%clk 01:29:28]} {[%emt 00:00:14]} 8. Nc3 {[%clk
01:29:24]} {[%emt 00:01:09]} Nf6 {[%clk 01:28:28]} {[%emt 00:01:30]} 9. O-O
{[%clk 01:27:57]} {[%emt 00:01:58]} Nb4 {[%clk 01:27:51]} {[%emt 00:01:07]} 10.
Qa4 {[%clk 01:27:41]} {[%emt 00:00:46]} Nc6 {[%clk 01:28:05]} {[%emt 00:00:16]}
11. Qd1 {[%clk 01:26:40]} {[%emt 00:01:30]} e6 {[%clk 01:28:15]} {[%emt
00:00:20]} 12. a3 {[%clk 01:25:27]} {[%emt 00:01:44]} Bd6 {[%clk 01:27:25]}
{[%emt 00:01:18]} 13. Bd2 {[%clk 01:23:43]} {[%emt 00:02:15]} b5 {[%clk
01:27:24]} {[%emt 00:00:32]} 14. Be2 {[%clk 01:16:05]} {[%emt 00:08:08]} b4
{[%clk 01:25:40]} {[%emt 00:02:14]} 15. axb4 {[%clk 01:06:13]} {[%emt
00:10:22]} Nxb4 {[%clk 01:25:47]} {[%emt 00:00:23]} 16. Ra4 {[%clk 01:04:53]}
{[%emt 00:01:48]} Bc2 {[%clk 01:25:21]} {[%emt 00:00:57]} 17. Qa1 {[%clk
01:04:50]} {[%emt 00:00:33]} Bxa4 {[%clk 01:25:24]} {[%emt 00:00:27]} 18. Qxa4
{[%clk 01:05:04]} {[%emt 00:00:15]} Qd7 {[%clk 01:25:33]} {[%emt 00:00:21]} 19.
Bb5 {[%clk 01:02:17]} {[%emt 00:03:17]} c6 {[%clk 01:25:35]} {[%emt 00:00:28]}
20. Bc4 {[%clk 01:02:28]} {[%emt 00:00:19]} O-O {[%clk 01:24:06]} {[%emt
00:01:59]} 21. Qd1 {[%clk 01:01:52]} {[%emt 00:01:07]} a5 {[%clk 01:23:00]}
{[%emt 00:01:36]} 22. e4 {[%clk 01:01:21]} {[%emt 00:01:01]} c5 {[%clk
01:20:43]} {[%emt 00:02:48]} 23. dxc5 {[%clk 01:00:18]} {[%emt 00:01:33]} Bxc5
{[%clk 01:21:05]} {[%emt 00:00:07]} 24. e5 {[%clk 01:00:23]} {[%emt 00:00:25]}
Nfd5 {[%clk 01:20:09]} {[%emt 00:01:26]} 25. Ne4 {[%clk 01:00:02]} {[%emt
00:00:52]} Nb6 {[%clk 01:19:32]} {[%emt 00:01:07]} 26. Nxc5 {[%clk 00:58:43]}
{[%emt 00:01:49]} Qc7 {[%clk 01:19:22]} {[%emt 00:00:39]} 27. Nxe6 {[%clk
00:58:04]} {[%emt 00:01:09]} Qxc4 {[%clk 01:18:49]} {[%emt 00:01:03]} 28. Nxf8
{[%clk 00:58:08]} {[%emt 00:00:26]} Rxf8 {[%clk 01:15:33]} {[%emt 00:03:46]}
29. b3 {[%clk 00:57:33]} {[%emt 00:01:05]} Qe6 {[%clk 01:12:48]} {[%emt
00:03:10]} 30. Bxb4 {[%clk 00:55:17]} {[%emt 00:02:52]} axb4 {[%clk 01:12:59]}
{[%emt 00:00:19]} 31. Qd4 {[%clk 00:54:49]} {[%emt 00:00:58]} Nd5 {[%clk
01:12:28]} {[%emt 00:01:01]} 32. Rd1 {[%clk 00:54:58]} {[%emt 00:00:21]} Rd8
{[%clk 01:12:46]} {[%emt 00:00:11]} 33. Ng5 {[%clk 00:55:04]} {[%emt 00:00:25]}
Qf5 {[%clk 01:10:40]} {[%emt 00:02:37]} 34. Ne4 {[%clk 00:54:00]} {[%emt
00:01:33]} h6 {[%clk 01:08:41]} {[%emt 00:02:30]} 35. Nd6 {[%clk 00:54:15]}
{[%emt 00:00:15]} Nf4 {[%clk 01:04:47]} {[%emt 00:04:24]} 36. Nxf5 {[%clk
00:51:49]} {[%emt 00:02:55]} Ne2 {[%clk 01:04:57]} {[%emt 00:00:20]} 37. Kh2
{[%clk 00:52:07]} {[%emt 00:00:11]} Nxd4 {[%clk 01:05:09]} {[%emt 00:00:19]}
38. Rxd4 {[%clk 00:52:28]} {[%emt 00:00:09]} Re8 {[%clk 01:05:18]} {[%emt
00:00:21]} 39. f4 {[%clk 00:52:37]} {[%emt 00:00:21]} f6 {[%clk 01:04:47]}
{[%emt 00:01:00]} 40. exf6 {[%clk 00:52:46]} {[%emt 00:00:22]} gxf6 {[%clk
01:05:09]} {[%emt 00:00:08]} 41. Nxh6 {[%clk 00:53:09]} {[%emt 00:00:07]} Kh7
{[%clk 01:05:19]} {[%emt 00:00:19]} 42. Ng4 {[%clk 00:53:19]} {[%emt 00:00:21]}
Kg7 {[%clk 01:04:20]} {[%emt 00:01:27]} 43. Rxb4 {[%clk 00:53:28]} {[%emt
00:00:23]} f5 {[%clk 01:04:30]} {[%emt 00:00:20]} 44. Rb7 {[%clk 00:53:27]}
{[%emt 00:00:30]} Kg6 {[%clk 01:04:16]} {[%emt 00:00:43]} 45. Ne5 {[%clk
00:53:45]} {[%emt 00:00:14]} Kh6 {[%clk 01:04:12]} {[%emt 00:00:34]} 46. g4
{[%clk 00:53:41]} {[%emt 00:00:33]} fxg4 {[%clk 01:02:37]} {[%emt 00:02:05]}
47. hxg4 {[%clk 00:54:04]} {[%emt 00:00:08]} Re7 {[%clk 01:03:00]} {[%emt
00:00:07]} 48. Rxe7 {[%emt 00:00:40]} 1/2-1/2